Polymer-solvent molecular compounds.

Crystallisable polymers represent a large share of the polymers used for manufacturing a wide variety of objects, and consequently have received continuous attention from scientists these past 60 years. Molecular compounds from crystallisable polymers, particularly from synthetic polymers, are recei...

Full description

Bibliographic Details
Main Author: Guenet, Jean-Michel
Corporate Author: ScienceDirect (Online service)
Format: eBook
Language:English
Published: Amsterdam : Elsevier Science, 2008.
Subjects:
Online Access:Connect to the full text of this electronic book

MARC

Tag First Indicator Second Indicator Subfields
LEADER 00000cam a2200000Ia 4500
001 in00002434026
005 20190327171745.0
006 m d
007 cr cn|||||||||
008 080519s2008 ne s 000 0 eng d
020 |a 9780080451442 
020 |a 0080451446 
035 |a (OCoLC)ocn228300043 
035 |a (OCoLC)228300043 
037 |a 133419:133543  |b Elsevier Science & Technology  |n http://www.sciencedirect.com 
040 |a OPELS  |c OPELS  |d OPELS  |d UtOrBLW 
049 |a TEFA 
050 1 4 |a QD381  |b .G843 2008eb 
082 0 4 |a 547/.7  |2 22 
100 1 |a Guenet, Jean-Michel. 
245 1 0 |a Polymer-solvent molecular compounds. 
264 1 |a Amsterdam :  |b Elsevier Science,  |c 2008. 
300 |a 1 volume 
336 |a text  |b txt  |2 rdacontent 
337 |a computer  |b c  |2 rdamedia 
338 |a online resource  |b cr  |2 rdacarrier 
533 |a Electronic reproduction.  |b Amsterdam :  |c Elsevier Science & Technology,  |d 2008.  |n Mode of access: World Wide Web.  |n System requirements: Web browser.  |n Title from title screen (viewed on May 16, 2008).  |n Access may be restricted to users at subscribing institutions. 
520 |a Crystallisable polymers represent a large share of the polymers used for manufacturing a wide variety of objects, and consequently have received continuous attention from scientists these past 60 years. Molecular compounds from crystallisable polymers, particularly from synthetic polymers, are receiving growing interest due to their potential application in the making of new materials such as multiporous membranes capable of capturing large particles as well as small pollutant molecules. The present book gives a detailed description of these promising systems. The first chapter is devoted to the presentation of important investigational techniques and some theoretical approaches. The second chapter is devoted to biopolymers, the first polymers known to produce molecular compounds, chiefly with water. The third chapter deals with synthetic polymers where compound formation is either due to hydrogen-bonding or to electrostatic interactions. The fourth chapter describes intercalates and clathrates systems for which compound formation is mainly due to a molecular recognition process. - First book on the subject - Gives a short but exhaustive description of investigational tools - Covers both biopolymers and synthetic polymers - Uses temperature-concentration phase diagrams abundantly for describing the systems - Describes systems from the nano to the microscopic level, including mechanical properties. 
505 0 |a Foreword -- Introduction -- Chapter I. Investigation Tools -- Chapter II. Biopolymer Complexes -- Chapter III. Synthetic Polymer Complexes -- Chapter IV. Intercalates and Clathrates -- Conclusion -- References -- Index. 
500 |a Electronic resource. 
650 0 |a Crystalline polymers. 
650 0 |a Biopolymers. 
650 0 |a Polymer solutions. 
650 0 |a Complex compounds. 
655 7 |a Electronic books.  |2 local 
710 2 |a ScienceDirect (Online service) 
856 4 0 |u http://proxy.library.tamu.edu/login?url=http://www.sciencedirect.com/science/book/9780080451442  |z Connect to the full text of this electronic book  |t 0 
994 |a C0  |b TEF 
999 |a MARS 
999 f f |s 365dd578-2e19-3d7c-bf51-73701a854811  |i d22f0270-01cc-3199-9486-b7b0875b0253  |t 0 
952 f f |a Texas A&M University  |b College Station  |c Electronic Resources  |d Available Online  |t 0  |e QD381 .G843 2008eb  |h Library of Congress classification 
998 f f |a QD381 .G843 2008eb  |t 0  |l Available Online